[Event "Cappelle Online Blitz op"]
[Site "Europe Echecs INT"]
[Date "2022.01.09"]
[Round "2"]
[White "Batsiashvili, Nino"]
[Black "De Smet, Fabrice"]
[Result "1-0"]
[WhiteElo "2491"]
[BlackElo "1556"]
[PlyCount "41"]
[EventDate "2022.01.09"]
[EventType "swiss (blitz)"]
[EventRounds "11"]
[EventCountry "FRA"]
[SourceTitle "EXT 2023"]
[Source "ChessBase"]
[SourceDate "2022.10.05"]
[SourceVersion "1"]
[SourceVersionDate "2022.10.05"]
[SourceQuality "1"]

1. d4 Nf6 2. c4 g6 3. Nc3 Bg7 4. e4 d6 5. h3 0-0 6. Be3 c5 7. Nf3 cxd4 8. Nxd4 Nc6 9. Be2 Nxd4 10. Bxd4 b6 11. 0-0 Bb7 12. Qd3 Rc8 13. b3 e6 14. Rad1 Re8 15. Bf3 Rc7 16. Nb5 Rd7 17. Bxf6 Bxf6 18. Nxd6 Rxd6 19. Qxd6 Qxd6 20. Rxd6 Bg7 21. Rfd1 1-0

[Event "Cappelle Online Blitz op"]
[Site "Europe Echecs INT"]
[Date "2022.01.09"]
[Round "6"]
[White "De Smet, Fabrice"]
[Black "Allays, Christian"]
[Result "0-1"]
[WhiteElo "1556"]
[BlackElo "1319"]
[PlyCount "86"]
[EventDate "2022.01.09"]
[EventType "swiss (blitz)"]
[EventRounds "11"]
[EventCountry "FRA"]
[SourceTitle "EXT 2023"]
[Source "ChessBase"]
[SourceDate "2022.10.05"]
[SourceVersion "1"]
[SourceVersionDate "2022.10.05"]
[SourceQuality "1"]

1. e4 e5 2. Nf3 Nc6 3. Bc4 Nf6 4. Nc3 Bc5 5. d3 a6 6. Bg5 h6 7. Bxf6 Qxf6 8. Nd5 Qd8 9. c3 0-0 10. d4 exd4 11. cxd4 Ba7 12. 0-0 d6 13. Rc1 Bg4 14. e5 Nxd4 15. exd6 Nxf3+ 16. gxf3 Bh3 17. f4 Bxf1 18. Kxf1 cxd6 19. Qg4 b5 20. Bb3 Rc8 21. Re1 Bd4 22. Re7 Rc1+ 23. Kg2 Kh8 24. Rd7 Qa5 25. Qh4 Qe1 26. Nf6 Qg1+ 27. Kf3 Bxf2 28. Qxf2 Rf1 29. Qxf1 Qxf1+ 30. Kg4 gxf6 31. Bxf7 Qe2+ 32. Kf5 Qxh2 33. Bg6 Qc2+ 34. Kg4 Qxg6+ 35. Kf3 Qd3+ 36. Kf2 Qd2+ 37. Kf3 d5 38. Rd6 d4 39. Rxa6 d3 40. Rd6 Qd1+ 41. Kf2 d2 42. Ke3 Qe1+ 43. Kd3 d1Q# 0-1

[Event "Tetraktys Concept Mgmt"]
[Site "Europe Echecs INT"]
[Date "2021.06.06"]
[Round "1"]
[White "Brunner, Nicolas"]
[Black "De Smet, Fabrice"]
[Result "1-0"]
[WhiteElo "2418"]
[BlackElo "1532"]
[PlyCount "33"]
[EventDate "2021.06.06"]
[EventType "swiss (blitz)"]
[EventRounds "11"]
[EventCountry "FRA"]
[SourceTitle "CBM 202 Extra"]
[Source "ChessBase"]
[SourceDate "2021.07.31"]
[SourceVersion "1"]
[SourceVersionDate "2021.07.31"]
[SourceQuality "1"]

1. d4 Nf6 2. c4 g6 3. Nc3 Bg7 4. e4 d6 5. Be2 0-0 6. Bg5 c5 7. d5 h6 8. Bh4 g5 9. Bg3 Na6 10. h4 e6 11. hxg5 hxg5 12. dxe6 Bxe6 13. Bxd6 Qa5 14. Bxf8 Kxf8 15. Kf1 Rd8 16. Qc1 Nh7 17. Rxh7 1-0

[Event "Europe Echecs Blitz May op"]
[Site "Europe Echecs INT"]
[Date "2021.05.09"]
[Round "10"]
[White "De Smet, Fabrice"]
[Black "Aliyarli, Khan"]
[Result "1-0"]
[WhiteElo "1532"]
[BlackElo "1222"]
[PlyCount "67"]
[EventDate "2021.05.09"]
[EventType "swiss (blitz)"]
[EventRounds "11"]
[EventCountry "FRA"]
[SourceTitle "CBM 202 Extra"]
[Source "ChessBase"]
[SourceDate "2021.07.31"]
[SourceVersion "1"]
[SourceVersionDate "2021.07.31"]
[SourceQuality "1"]

1. e4 c5 2. Nc3 d6 3. Nge2 Nf6 4. g3 Nc6 5. Bg2 e5 6. 0-0 Be7 7. h3 Be6 8. d3 Qd7 9. Kh2 h5 10. f4 h4 11. f5 hxg3+ 12. Nxg3 Bxf5 13. exf5 Ng4+ 14. Qxg4 Bf6 15. Bg5 0-0-0 16. Bxf6 gxf6 17. Nce4 Rdg8 18. Qf3 Qe7 19. Nh5 Nd4 20. Qf2 Rxh5 21. c3 Nxf5 22. Bf3 Rh6 23. Rg1 Rgh8 24. Bg4 d5 25. Bxf5+ Kb8 26. Ng3 e4 27. Rae1 Qe5 28. dxe4 dxe4 29. Rxe4 Qd5 30. Qf4+ Ka8 31. Rge1 Qc6 32. Qxh6 Rxh6 33. Re8+ Qxe8 34. Rxe8# 1-0

[Event "Europe Echecs Blitz May op"]
[Site "Europe Echecs INT"]
[Date "2021.05.09"]
[Round "6"]
[White "De Smet, Fabrice"]
[Black "Loureiro, Hugo"]
[Result "0-1"]
[WhiteElo "1532"]
[BlackElo "1763"]
[PlyCount "92"]
[EventDate "2021.05.09"]
[EventType "swiss (blitz)"]
[EventRounds "11"]
[EventCountry "FRA"]
[SourceTitle "CBM 202 Extra"]
[Source "ChessBase"]
[SourceDate "2021.07.31"]
[SourceVersion "1"]
[SourceVersionDate "2021.07.31"]
[SourceQuality "1"]

1. e4 c6 2. d4 d6 3. Nf3 Qc7 4. Nc3 Nd7 5. Be2 e5 6. dxe5 dxe5 7. 0-0 Ne7 8. a4 Ng6 9. Nd2 Be7 10. Nc4 0-0 11. Bh5 Nf6 12. Bxg6 hxg6 13. Qf3 Bg4 14. Qg3 Bb4 15. Nxe5 Bxc3 16. bxc3 Rae8 17. Nxg4 Qe7 18. Nxf6+ Qxf6 19. f3 Qxc3 20. Bf4 Rd8 21. Rad1 f6 22. Qf2 g5 23. Be3 b6 24. Bd4 Qc4 25. Rd2 Qxa4 26. Rfd1 c5 27. Bb2 Rc8 28. Rd7 c4 29. Rb7 c3 30. Bc1 Rcd8 31. Re1 Qa6 32. Rc7 Rfe8 33. Rxc3 Qa1 34. Bxg5 Qxc3 35. Be3 Rc8 36. Ra1 Qxc2 37. Rxa7 Qxf2+ 38. Bxf2 b5 39. h3 Rb8 40. Kh2 b4 41. Bd4 b3 42. Bb2 Rec8 43. e5 Rc2 44. exf6 gxf6 45. Bxf6 b2 46. Rg7+ Kf8 0-1

[Event "EU-ch Amateur Online 1400/1700"]
[Site "Tornelo INT"]
[Date "2021.04.17"]
[Round "3"]
[White "De Smet, Fabrice"]
[Black "Chatziioannidis, Panagiotis"]
[Result "0-1"]
[WhiteElo "1532"]
[BlackElo "1162"]
[PlyCount "114"]
[EventDate "2021.04.17"]
[EventType "swiss (rapid)"]
[EventRounds "8"]
[EventCountry "NET"]
[SourceTitle "EXT 2023"]
[Source "ChessBase"]
[SourceDate "2022.10.05"]
[SourceVersion "1"]
[SourceVersionDate "2022.10.05"]
[SourceQuality "1"]

1. e4 d6 2. d4 Nf6 3. Nc3 g6 4. Nf3 Bg7 5. Be2 0-0 6. 0-0 Nc6 7. Be3 e5 8. dxe5 Nxe5 9. Nxe5 dxe5 10. Qc1 Qe7 11. Bh6 c6 12. Bxg7 Kxg7 13. Qe3 Bg4 14. Bxg4 Nxg4 15. Qg3 Nf6 16. Rad1 Nh5 17. Qg4 Rad8 18. g3 Nf6 19. Qh4 Qe6 20. f4 Qg4 21. fxe5 Qxh4 22. gxh4 Ng4 23. Rxd8 Rxd8 24. h3 Nxe5 25. Rf2 Nc4 26. b3 Ne5 27. Kg2 Rd4 28. Kg3 f6 29. Kf4 Nd7 30. h5 Nc5 31. hxg6 hxg6 32. h4 Nxe4 33. Nxe4 f5 34. Re2 Rxe4+ 35. Rxe4 fxe4 36. Kxe4 Kh6 37. Kf4 Kh5 38. Kg3 g5 39. hxg5 Kxg5 40. Kf3 Kf5 41. Ke3 Ke5 42. c4 c5 43. a3 a5 44. Kd3 Kf4 45. Kc3 Ke4 46. b4 b6 47. bxa5 bxa5 48. Kb3 Kd4 49. Ka4 Kxc4 50. Kxa5 Kb3 51. Kb5 c4 52. a4 c3 53. a5 c2 54. a6 c1Q 55. a7 Qc8 56. Kb6 Qa8 57. Kb5 Qxa7 0-1

[Event "EU-ch Amateur Online 1400/1700"]
[Site "Tornelo INT"]
[Date "2021.04.17"]
[Round "4"]
[White "Kosma, Maria"]
[Black "De Smet, Fabrice"]
[Result "1-0"]
[WhiteElo "1271"]
[BlackElo "1532"]
[PlyCount "87"]
[EventDate "2021.04.17"]
[EventType "swiss (rapid)"]
[EventRounds "8"]
[EventCountry "NET"]
[SourceTitle "EXT 2023"]
[Source "ChessBase"]
[SourceDate "2022.10.05"]
[SourceVersion "1"]
[SourceVersionDate "2022.10.05"]
[SourceQuality "1"]

1. d4 Nf6 2. c4 g6 3. Nc3 Bg7 4. e4 d6 5. Nf3 0-0 6. Be2 e5 7. d5 a5 8. 0-0 Nh5 9. Be3 Nf4 10. Nd2 Nxe2+ 11. Nxe2 f5 12. f3 Na6 13. a3 f4 14. Bf2 Qg5 15. g3 Bh3 16. Re1 Nc5 17. Bxc5 dxc5 18. Kf2 fxg3+ 19. hxg3 Bh6 20. Nf1 Qe3+ 21. Nxe3 Rf7 22. Rh1 Raf8 23. Ng1 Bxe3+ 24. Kxe3 Bd7 25. Qd2 b6 26. Qh2 g5 27. Qh6 g4 28. fxg4 Bxg4 29. Rh4 Bd7 30. g4 Rg7 31. g5 Rff7 32. g6 Rxg6 33. Qh5 Rg3+ 34. Kd2 Rfg7 35. Ne2 Rg2 36. Rf1 R2g5 37. Qf3 Bf5 38. exf5 Rf7 39. f6 Rg6 40. Rg4 e4 41. Rxg6+ hxg6 42. Qg4 e3+ 43. Kxe3 Rf8 44. Qxg6+ 1-0

[Event "Cappelle Online Rapid op"]
[Site "Europe Echecs INT"]
[Date "2021.03.06"]
[Round "9"]
[White "De Smet, Fabrice"]
[Black "Guenin, Pierre"]
[Result "0-1"]
[WhiteElo "1532"]
[BlackElo "1392"]
[PlyCount "92"]
[EventDate "2021.03.06"]
[EventType "swiss (rapid)"]
[EventRounds "9"]
[EventCountry "FRA"]
[SourceTitle "CBM 201 Extra"]
[Source "ChessBase"]
[SourceDate "2021.05.31"]
[SourceVersion "1"]
[SourceVersionDate "2021.05.31"]
[SourceQuality "1"]

1. e4 c5 2. Nc3 e6 3. g3 d6 4. Bg2 Be7 5. Nge2 Nf6 6. 0-0 Nc6 7. d4 cxd4 8. Nxd4 Ne5 9. f4 Ng6 10. Be3 0-0 11. Qd2 Ng4 12. Nce2 Nxe3 13. Qxe3 Re8 14. Rad1 Qa5 15. a3 Nf8 16. Nb3 Qa6 17. Rd2 e5 18. fxe5 dxe5 19. Rfd1 Be6 20. Bf1 Qc6 21. Kh1 g6 22. Nc3 Bxb3 23. cxb3 Ne6 24. Bb5 Qc7 25. Bxe8 Rxe8 26. Nd5 Qa5 27. Nxe7+ Rxe7 28. Qh6 Re8 29. Qe3 a6 30. Qc3 Qb5 31. a4 Qb6 32. Qxe5 Qxb3 33. Rc1 Qf3+ 34. Kg1 Qe3+ 35. Kf1 Qxd2 36. Re1 Qd3+ 37. Kg1 Ng7 38. Qc7 Qd4+ 39. Kf1 Qd3+ 40. Kg1 Qd2 41. Rf1 Qe3+ 42. Kh1 Qxe4+ 43. Kg1 Nf5 44. b3 Rf8 45. a5 Ne3 46. Rf2 Qb1+ 0-1

[Event "Cappelle Online Bullet op"]
[Site "Europe Echecs INT"]
[Date "2021.03.05"]
[Round "5"]
[White "Avron, David"]
[Black "De Smet, Fabrice"]
[Result "1-0"]
[WhiteElo "1965"]
[BlackElo "1532"]
[PlyCount "109"]
[EventDate "2021.03.05"]
[EventType "swiss (blitz)"]
[EventRounds "15"]
[EventCountry "FRA"]
[SourceTitle "EXT 2022"]
[Source "ChessBase"]
[SourceDate "2021.10.06"]
[SourceVersion "1"]
[SourceVersionDate "2021.10.06"]
[SourceQuality "1"]

1. d4 Nf6 2. Nf3 d5 3. Bf4 e6 4. e3 c5 5. h3 Nc6 6. c3 Bd6 7. Be2 Bxf4 8. exf4 cxd4 9. cxd4 0-0 10. 0-0 a6 11. Nc3 b5 12. Rc1 Bb7 13. Nb1 Rc8 14. Nbd2 Na5 15. Nb3 Nxb3 16. axb3 Rxc1 17. Qxc1 Qb6 18. Qd2 Rc8 19. Rc1 Ne4 20. Qd1 h6 21. Rxc8+ Bxc8 22. Qc2 Qb7 23. Ne5 f6 24. Nd3 a5 25. Nc5 Qc7 26. Bd3 e5 27. Nxe4 Qxc2 28. Nxf6+ gxf6 29. Bxc2 exf4 30. Kf1 b4 31. Ke2 Bd7 32. Kf3 Kf7 33. Kxf4 Ke6 34. g4 f5 35. gxf5+ Kf6 36. Kg4 h5+ 37. Kxh5 Bxf5 38. Bxf5 Kxf5 39. Kh4 Ke4 40. Kg4 Kxd4 41. h4 Ke5 42. h5 Kf6 43. h6 Kg6 44. Kf4 Kxh6 45. Ke5 Kg6 46. Kxd5 Kf5 47. Kd4 Kf4 48. Kc4 Kf3 49. Kb5 Kxf2 50. Kxa5 Ke2 51. Kxb4 Kd2 52. Ka4 Kc2 53. b4 Kxb2 54. b5 Kc3 55. b6 1-0

[Event "Cappelle Online Bullet op"]
[Site "Europe Echecs INT"]
[Date "2021.03.05"]
[Round "1"]
[White "Eden, James"]
[Black "De Smet, Fabrice"]
[Result "1-0"]
[WhiteElo "2294"]
[BlackElo "1532"]
[PlyCount "47"]
[EventDate "2021.03.05"]
[EventType "swiss (blitz)"]
[EventRounds "15"]
[EventCountry "FRA"]
[SourceTitle "EXT 2022"]
[Source "ChessBase"]
[SourceDate "2021.10.06"]
[SourceVersion "1"]
[SourceVersionDate "2021.10.06"]
[SourceQuality "1"]

1. e4 e5 2. Nf3 Nc6 3. d4 exd4 4. Nxd4 Nxd4 5. Qxd4 d6 6. Nc3 Nf6 7. Bg5 Be7 8. 0-0-0 0-0 9. f4 c6 10. Be2 Bg4 11. Bxg4 Nxg4 12. Bxe7 Qxe7 13. Qxd6 Qxd6 14. Rxd6 Rad8 15. Rxd8 Rxd8 16. h3 Nf2 17. Rf1 Nxh3 18. gxh3 h6 19. Rd1 Re8 20. Rd7 c5 21. Rxb7 a5 22. Rb5 c4 23. Rc5 g5 24. fxg5 1-0

[Event "Cappelle Online Bullet op"]
[Site "Europe Echecs INT"]
[Date "2021.03.05"]
[Round "7"]
[White "Kouatly, Sami"]
[Black "De Smet, Fabrice"]
[Result "1-0"]
[WhiteElo "1840"]
[BlackElo "1532"]
[PlyCount "53"]
[EventDate "2021.03.05"]
[EventType "swiss (blitz)"]
[EventRounds "15"]
[EventCountry "FRA"]
[SourceTitle "EXT 2022"]
[Source "ChessBase"]
[SourceDate "2021.10.06"]
[SourceVersion "1"]
[SourceVersionDate "2021.10.06"]
[SourceQuality "1"]

1. e4 e5 2. Nf3 Nc6 3. Bb5 a6 4. Bxc6 dxc6 5. Nc3 Nf6 6. Nxe5 Bb4 7. d4 Bxc3+ 8. bxc3 0-0 9. f3 Re8 10. Nd3 c5 11. d5 Bd7 12. 0-0 Bb5 13. Be3 Bxd3 14. cxd3 b6 15. c4 b5 16. Qd2 bxc4 17. dxc4 c6 18. h3 cxd5 19. cxd5 Rb8 20. Bxc5 Rb5 21. Bf2 Qd6 22. Rac1 Reb8 23. Rc6 Qd7 24. Qc3 a5 25. Rc1 Nxd5 26. Rc8+ Rxc8 27. Qxc8+ 1-0

[Event "Ville d'Orsay online Blitz"]
[Site "Europe Echecs INT"]
[Date "2021.02.07"]
[Round "1"]
[White "Badmatsyrenov, Oleg"]
[Black "De Smet, Fabrice"]
[Result "1-0"]
[WhiteElo "2437"]
[BlackElo "1532"]
[PlyCount "51"]
[EventDate "2021.02.07"]
[EventType "swiss (blitz)"]
[EventRounds "11"]
[EventCountry "FRA"]
[SourceTitle "CBM 200 Extra"]
[Source "ChessBase"]
[SourceDate "2021.03.31"]
[SourceVersion "1"]
[SourceVersionDate "2021.03.31"]
[SourceQuality "1"]

1. e4 e5 2. Nc3 Nf6 3. f4 d5 4. Qe2 dxe4 5. Nxe4 Nc6 6. Nf3 Qe7 7. fxe5 Nxe4 8. Qxe4 Be6 9. d4 0-0-0 10. c3 Bd5 11. Qg4+ Be6 12. Qf4 Kb8 13. Bb5 Bd7 14. Bc4 f6 15. 0-0 fxe5 16. Nxe5 Nxe5 17. Qxe5 Qxe5 18. dxe5 Bc5+ 19. Kh1 Rhf8 20. Bg5 Rde8 21. Rxf8 Rxf8 22. Rd1 Kc8 23. b4 Bb6 24. e6 Bc6 25. e7 Re8 26. Rd8+ 1-0

[Event "Ville d'Orsay online Blitz"]
[Site "Europe Echecs INT"]
[Date "2021.02.07"]
[Round "3"]
[White "Poiraud, Ludovic"]
[Black "De Smet, Fabrice"]
[Result "1-0"]
[WhiteElo "2048"]
[BlackElo "1532"]
[PlyCount "41"]
[EventDate "2021.02.07"]
[EventType "swiss (blitz)"]
[EventRounds "11"]
[EventCountry "FRA"]
[SourceTitle "CBM 200 Extra"]
[Source "ChessBase"]
[SourceDate "2021.03.31"]
[SourceVersion "1"]
[SourceVersionDate "2021.03.31"]
[SourceQuality "1"]

1. e4 e5 2. Nf3 Nf6 3. Nc3 Nc6 4. d4 exd4 5. Nxd4 Nxd4 6. Qxd4 c6 7. e5 Qe7 8. Be2 c5 9. exf6 Qxf6 10. Qxf6 gxf6 11. Bf4 Rg8 12. g3 d6 13. Nd5 Be7 14. Nc7+ Kd7 15. Nxa8 b6 16. Bb5+ Kd8 17. 0-0-0 Bb7 18. Rhe1 Bxa8 19. Bxd6 Bxd6 20. Rxd6+ Kc7 21. Rd7+ 1-0

[Event "FRA-ch Blitz Online Qual"]
[Site "Europe Echecs INT"]
[Date "2020.05.16"]
[Round "15"]
[White "De Smet, Fabrice"]
[Black "De Nave, Julien"]
[Result "0-1"]
[WhiteElo "1520"]
[BlackElo "1177"]
[PlyCount "60"]
[EventDate "2020.05.16"]
[EventType "swiss (blitz)"]
[EventRounds "15"]
[EventCountry "FRA"]
[SourceTitle "CBM 196 Extra"]
[Source "ChessBase"]
[SourceDate "2020.07.31"]
[SourceVersion "1"]
[SourceVersionDate "2020.07.31"]
[SourceQuality "1"]

1. e4 c5 2. c3 d6 3. d4 cxd4 4. Qxd4 e5 5. Qd1 Nf6 6. Bd3 Nc6 7. Nd2 Be6 8. Ngf3 Be7 9. 0-0 0-0 10. b3 d5 11. exd5 Bxd5 12. c4 Be6 13. Re1 Bd6 14. Bb2 Bg4 15. h3 Bxf3 16. Nxf3 Re8 17. Be4 Nxe4 18. Rxe4 f6 19. Qd5+ Kh8 20. Rd1 Bc7 21. a3 Qe7 22. b4 Rad8 23. Qc5 Rxd1+ 24. Kh2 Qxc5 25. bxc5 h6 26. Nh4 Rb1 27. Bc3 Rb3 28. Bd2 Rxa3 29. Nf5 Nd4 30. Rh4 Nxf5 0-1